000
00319nam a22001457a 4500
008
230912b ||||| |||| 00| 0 eng d
020
_a
0387133992
041
_a
eng
080
_a
521
082
_a
521TAU
100
_a
19
101
_a
ASTRO
245
_a
EVOLUTION OF MATTER AND ENERGY
_c
TAUBE.M
942
_2
udc
_c
BK
999
_c
60343
_d
60343